000 00611nam a2200193Ia 4500
003 IN-BaIIA
008 211028s9999 xx 000 0 eng d
040 _cIIA Library
080 _a083.7:696.12:69.001.3
_bISI
110 _aIndian Standards Institution
245 0 _aIndian standard code of practice for sanitary pipework above ground for buildings
_cIndian Standards Institution
260 _aNew Delhi
_bIndian Standards Institution
_c1974
300 _a24p.
500 _aIS 5329 : 1969
650 _a Sanitary Pipe Works
_98874
650 _a Standards 
650 _aNASA Thesaurus 
942 _cBK
999 _c4967
_d4967